000 01088nam a2200253 i 4500
001 67130
003 ES-MaACL
005 20250806062531.0
007 t|
008 891025s1988 sp |||| | spa d
020 _a84-505-7343-2
080 _a860 Montengón, Pedro 7 Eusebio.06
100 1 _aPérez-Rioja, José Antonio,
_d1917-2011
_991109
245 1 3 _aUn best-seller del siglo XVIII
_b: la novela "Eusebio", de Montengón /
_cpor José Antonio Pérez Rioja.
260 _aMadrid :
_bAyuntamiento de Madrid, Área de Cultura, Educación, Juventud y Deportes :
_bInstituto de Estudios Madrileños,
_c1988.
300 _a23 p ;
_c22 cm.
490 1 _aCiclo de conferencias: El Madrid de Carlos III ;
_v3
504 _aBibliografía: p. 21-22.
600 1 4 _aMontengón, Pedro (
_d1745-1824).
_tEusebio-
_xCrítica e interpretación.
_982460
710 2 _aInstituto de Estudios Madrileños
_94916
830 0 0 _aCiclo de conferencias: El Madrid de Carlos III
_v3
_9180033
852 _aES-MaACL
_j2172-F-8
_z. - Dedicatoria autógrafa del autor
999 _c67130
_d67130